000 00622nam a2200241Ia 4500
003 OSt
005 20221005131950.0
006 a|||||r|||| 00| 0
007 ta
008 221004b |||||||| |||| 00| 0 tam d
024 _a52588
037 _cTextual
040 _aCRL
_cCRL
_btam
041 _2tam
_atam
082 _aY73(P31):1.N, 31L3
100 _aMeenakshi Sundaran Au.
_9640374
245 0 _aTamizhum pira panpadum
260 _c1973
300 _a122p.
_ccm.
650 _aSOCIOLOGY
942 _hY73(P31):1.N, 31L3
_cTEXL
_2cc
999 _c1061975
_d1061975